000 00292nam a22001217a 4500
008 230623b xxu||||| |||| 00| 0 eng d
082 _a329.072
_bDAL
100 _cNeil Dalgleish
245 _aThe Developing Nations
260 _bIn Focus Books
300 _aVarious Panging
942 _2ddc
_cBK
999 _c2445
_d2445